European Geography By Letter C - Picture Quiz - Statistics

General Stats
  • This quiz has been taken 1,741 times
    1,416 since last reset
  • The average score is 11 of 18
Answer Stats
Picture Hint Answer % Correct
Croatia
92%
Czech Republic
92%
{Caspian} Sea
90%
(region) Catalonia
90%
Crete
82%
(ghost town) Chernobyl
81%
Corsica
76%
peninsula Crimea
72%
(city) Copenhagen
67%
{Channel} Tunnel
66%
Lake {Como}
61%
{Carpathian} Basin
50%
(mountain range) Caucasus
50%
(avenue) Champs-Élysées
45%
{Celtic} Sea
40%
(region) Champagne
26%
{Cardiff} Bay
13%
(peninsula) Chalkidiki
9%
No matching quizzes found
Score Distribution
Percent of People with Each Score
Percentile by Number Answered
Your Score History
You have not taken this quiz since the last reset